Board of Quantity Surveyors Malaysia (Record no. 119938)

MARC details
000 -LEADER
fixed length control field 00950cam a2200241 4500
001 - CONTROL NUMBER
control field WS115330
008 - FIXED-LENGTH DATA ELEMENTS--GENERAL INFORMATION
fixed length control field 011025n 000 0 eng u
035 ## - SYSTEM CONTROL NUMBER
System control number (Sirsi) u115330
110 ## - MAIN ENTRY--CORPORATE NAME
Corporate name or jurisdiction name as entry element Board of Quantity Surveyors Malaysia
9 (RLIN) 4162
245 ## - TITLE STATEMENT
Title Board of Quantity Surveyors Malaysia
520 ## - SUMMARY, ETC.
Summary, etc. Web site for this statutory body responsible for the registration and regulation of quantity surveyors in Malaysia. Includes a list of members, details on course accreditation, a list of qualifications and details of the calculation of fees.
650 ## - SUBJECT ADDED ENTRY--TOPICAL TERM
Topical term or geographic name entry element REGISTRATION OF QUANTITY SURVEYORS ACT 1967
650 ## - SUBJECT ADDED ENTRY--TOPICAL TERM
Topical term or geographic name entry element ORGANISATION
650 ## - SUBJECT ADDED ENTRY--TOPICAL TERM
Topical term or geographic name entry element MALAYSIA
650 ## - SUBJECT ADDED ENTRY--TOPICAL TERM
Topical term or geographic name entry element INTERNATIONAL
650 ## - SUBJECT ADDED ENTRY--TOPICAL TERM
Topical term or geographic name entry element QUANTITY SURVEYORS
650 ## - SUBJECT ADDED ENTRY--TOPICAL TERM
Topical term or geographic name entry element ACCREDITED COURSES
650 ## - SUBJECT ADDED ENTRY--TOPICAL TERM
Topical term or geographic name entry element FEES
650 ## - SUBJECT ADDED ENTRY--TOPICAL TERM
Topical term or geographic name entry element QUALIFICATIONS
690 ## - LOCAL SUBJECT ADDED ENTRY--TOPICAL TERM (OCLC, RLIN)
Topical term or geographic name as entry element BUILT ENVIRONMENT
856 40 - ELECTRONIC LOCATION AND ACCESS
Uniform Resource Identifier <a href="https://www.jkr.gov.my/ljbm">https://www.jkr.gov.my/ljbm</a>
Public note View the website free of charge at www.jkr.gov.my/ljbm...
942 ## - ADDED ENTRY ELEMENTS (KOHA)
Suppress in OPAC 0
Holdings
Withdrawn status Lost status Source of classification or shelving scheme Damaged status Not for loan Home library Current library Shelving location Date acquired Total Checkouts Full call number Barcode Date last seen Copy number Price effective from Koha item type
    Dewey Decimal Classification     Virtual Virtual Online 25/10/2001   WEB SITE 115330-2001 06/08/2019 1 06/08/2019 Online material